MANURES AND FERTILIZERS (Record no. 5376)

MARC details
000 -LEADER
fixed length control field 00377nam a22001577a 4500
005 - DATE AND TIME OF LATEST TRANSACTION
control field 20170401140445.0
008 - FIXED-LENGTH DATA ELEMENTS--GENERAL INFORMATION
fixed length control field 170401b xxu||||| |||| 00| 0 eng d
020 ## - INTERNATIONAL STANDARD BOOK NUMBER
ISBN 978-81-269-0910-3
041 ## - LANGUAGE CODE
Language code of text/sound track or separate title eng
100 ## - MAIN ENTRY--AUTHOR NAME
Personal name KOLAY,A K
245 ## - TITLE STATEMENT
Title MANURES AND FERTILIZERS
260 ## - PUBLICATION, DISTRIBUTION, ETC. (IMPRINT)
Name of publisher ATLANTIC PUBLICATION
Year of publication 2007
300 ## - PHYSICAL DESCRIPTION
Number of Pages 173
650 ## - SUBJECT ADDED ENTRY--TOPICAL TERM
Topical Term AGRICULTURE
942 ## - ADDED ENTRY ELEMENTS (KOHA)
Koha item type Books
Holdings
Lost status Damaged status Collection code Home library Current library Shelving location Date acquired Source of acquisition Cost, normal purchase price Full call number Accession Number Koha item type
    AGRICULTURE JRU Library JRU Library SHELF-45-F 30/04/2017 PURCHASE 595.00 631.4 21590 Books
    AGRICULTURE JRU Library JRU Library SHELF-15-B 30/04/2017 PURCHASE 595.00   21591 Books
    AGRICULTURE JRU Library JRU Library SHELF-45-F 30/04/2017 PURCHASE 595.00   21592 Books
    AGRICULTURE JRU Library JRU Library SHELF-45-F 30/04/2017 PURCHASE 595.00 631.4 21593 Books
    Reference JRU Library JRU Library SHELF-2-D 30/04/2017 PURCHASE 595.00 631.4 21594 Books